000 01297nam a2200325 a 4500
001 18402
003 Mx-PuUPA
005 20250911113129.0
008 140415s1984 mx a gr 001 0 spa d
020 _a9684263058
040 _aMx-PuUPA
_bspa
_cMx-PuUPA
_dMx-PuUPA
_erda
041 1 _aspa
_heng
100 1 _aFriesner, Arlyne,
_eautor
240 1 0 _aMaternity Nursing - Nursing Outline Series.
_lEspañol
245 1 0 _aEnfermería Maternoinfantil /
_cArlyne Friesner, Beverly Raff ; traducido por Manuel Antonio Palacios Elvir
250 _aAutorizada en español
264 1 _aMéxico, D.F. :
_bEditorial El Manual Moderno,
_c1984
300 _a332 páginas :
_btablas, ilustraciones ;
_c23 cm
336 _2rdacontent
_atexto
_btxt
337 _2rdamedia
_asin medio
_bn
338 _2rdacarrier
_avolumen
_bnc
650 7 _aEnfermería ginecológica
_2armarc
650 7 _aEnfermería pediátrica
_2armarc
700 1 _aRaff, Beverly,
_eautor
700 1 _aPalacios Elvir, Manuel Antonio
_etraductor
765 0 _aFriesner, Arlyne
_tMaternity Nursing - Nursing Outline Series
_bThird edition
_dGarden City, New York : Medical Examination Publishing, ©1982
_z0874883776
942 _2ddc
_cLI
_h618.9200231
_iF8718
999 _c18402
_d18402